Normal view
MARC view
- Motorola
Entry Personal Name
001 - CONTROL NUMBER
- control field: 66183
003 - CONTROL NUMBER IDENTIFIER
- control field: NUST
005 - DATE AND TIME OF LATEST TRANSACTION
- control field: 20210628203540.0
008 - FIXED-LENGTH DATA ELEMENTS
- fixed length control field: 210628|| aca||aabn | a|a d
040 ## - CATALOGING SOURCE
- Original cataloging agency: NUST
- Transcribing agency: NUST
100 ## - HEADING--PERSONAL NAME
- Personal name: Motorola
670 ## - SOURCE DATA FOUND
- Source citation: Work cat.: (NUST): Motorola, Mc 68302 , integrated multiprotocol processor user's manual, 1991
